000
00334nam a2200133Ia 4500
008
231129s2001||||xx |||||||||||||| ||spa||
020
_a
958-30-0857-5
040
_b
spa
082
_a
611.01816 G335
245
0
_a
El genoma humano
260
_c
2001
264
_a
Panamericana
942
_2
ddc
_c
BKS
999
_c
11144
_d
11144